Project collaboration extranets (Record no. 65821)

MARC details
000 -LEADER
fixed length control field 01004cam a2200205 4500
001 - CONTROL NUMBER
control field ABS63440
008 - FIXED-LENGTH DATA ELEMENTS--GENERAL INFORMATION
fixed length control field 000000n2000 000 0 eng u
035 ## - SYSTEM CONTROL NUMBER
System control number (Sirsi) u110407
100 ## - MAIN ENTRY--PERSONAL NAME
Personal name Kernon, S.
245 ## - TITLE STATEMENT
Title Project collaboration extranets
260 ## - PUBLICATION, DISTRIBUTION, ETC.
Date of publication, distribution, etc. 2000
490 ## - SERIES STATEMENT
Series statement New Civil Engineer
Volume/sequential designation (1380) December 2000, 32-34(3)
520 ## - SUMMARY, ETC.
Summary, etc. Describes the benefits of project collaboration extranets, which allow all documents, drawings and communications for a project to be mounted on a dedicated website. This enables different members of the project team to view changes made by others instantly via their internet browsers and to track those changes using a project trail. Suggests potential selection criteria as well as reviewing some of the software packages currently available in the UK.
590 ## - LOCAL NOTE (RLIN)
Local note ABS
650 ## - SUBJECT ADDED ENTRY--TOPICAL TERM
Topical term or geographic name entry element PROJECT COLLABORATION EXTRANETS
650 ## - SUBJECT ADDED ENTRY--TOPICAL TERM
Topical term or geographic name entry element PROJECT COORDINATION
650 ## - SUBJECT ADDED ENTRY--TOPICAL TERM
Topical term or geographic name entry element PROJECT INFORMATION
690 ## - LOCAL SUBJECT ADDED ENTRY--TOPICAL TERM (OCLC, RLIN)
Topical term or geographic name as entry element INFORMATION TECHNOLOGY-INTERNET
942 ## - ADDED ENTRY ELEMENTS (KOHA)
Suppress in OPAC 0
Holdings
Withdrawn status Lost status Source of classification or shelving scheme Damaged status Not for loan Home library Current library Shelving location Date acquired Total Checkouts Full call number Barcode Date last seen Copy number Price effective from Koha item type
    Dewey Decimal Classification     London London Journal article 17/01/2001   ABS63440 110407-1001 06/08/2019 1 06/08/2019 Journal article